000 02580nam0a2200481 4500
001 RU\NLR\bibl\1448486
005 20260409071423.0
010 _a978-5-91299-058-8
_9500
021 _aRU
_b2009-84238
_95296
035 _a(nilc)RSL-KNO-004400256
035 _a(NLR Aleph) 001440314
090 _a1458744
_c1458744
100 _a20091021d2009 |||y0rusy50 ca
101 1 _arus
_aara
_cara
102 _aRU
105 _ay zzzz|||||
200 1 _aЖизнеописание Пророка
_i[Глава] Великая битва при Бадре
_fИбн Исхак - Ибн Хишам
_g[пер. с араб. и коммент. А. Б. Куделина и Д. В. Фролова
_gподгот. араб. текста и коммент. М.С. Налич]
_gМГУ им. М.В. Ломоносова [и др.]
210 _aМосква
_cРусский сувенир
_cИнститут Европы
_cРусский сувенир
_d2009
215 _a245, 118 с. встреч. паг.
_d20
300 _aВ надзаг. также: Ин-т стран Азии и Африки, Учреждение Рос. акад. наук Ин-т мировой лит. им А.М. Горького, Духовное упр. мусульман европ. части России
300 _aТекст 2-го произведения на араб. яз.
309 _aКнига-перевертыш
320 _aБиблиогр. в подстроч. примеч.
517 0 _aВеликая битва при Бадре
600 0 _aМухаммед
_cпророк
_fок. 570 - 632
_3RU\NLR\auth\66677386
_91551097
686 _aЭ38-34-028.1Мухаммед,12
_2rubbk
686 _aЭ38-34-028.1
700 0 _4070
_8rus
_7ca
_aИбн Исхак
_f704-768
_3RU\NLR\AUTH\7714957
_9124619
701 0 _4070
_8rus
_7ca
_aИбн Хишам
_f-828
_3RU\NLR\auth\7714962
_9124624
702 1 _4730
_7ca
_8rus
_aКуделин
_bА. Б.
_f1944-
_gАлександр Борисович
_9252012
_3RU\NLR\AUTH\770252068
702 1 _aНалич
_bМ. С.
_4220
702 0 _4570
_8rus
_7ca
_aМухаммед
_cпророк
_fок.570-632
_3RU\NLR\AUTH\779947
_9119736
712 0 2 _4570
_aИнститут стран Азии и Африки
_cМосква
_3RU\NLR\AUTH\8810002609
_9502441
801 0 _aRU
_bРКП
_c20091021
_grcr
801 1 _aRU
_bРГБ
_c20091021
801 2 _aRU
_bNLR
_c20091207
_grcr
852 _aNLR
_bОЛСАА-араб
_j3-5449
942 _cBOOK
980 _aNB
980 1 _aARAB